00369 a2200109 4500001001000000005001700010008004100027245002700068100002500095773012200120999001700242ART_1086320260410161853.0260409a 10aPosibilidad y utopía1 aGuibourg, Ricardo A.0 tFilosofía del derechogCuestiones conceptuales, metodológicas y normativas - Año I, Nº 1 (mayo 2012)wREV10449 c25177d25177